000
00226 a2200109 4500
020
_a
9780439874793
041
_a
spa
100
_a
Mattern, Joanne
245
_a
Albert Einstein, un genio creativo
942
_c
BK
999
_c
8521
_d
8521
999
_d
8521